000 00595nam a2200205Ia 4500
005 20250508164919.0
008 008 250505s9999 xx 000 0 hin d
037 _aDissertations
040 _aFEDL
_beng
_cFEDL
041 _ahin
_2eng
084 _a374, RAV/DI
_qFEDL
100 _aRavi Shankar
245 0 _aUttari-pashchami Delhi ke vidyalayon mein proudh shiksha ke upagamon ka addhyan
260 _c1999
300 _a96p.
546 _aM.Ed. Dissertation (Delhi University)
650 _aAdult education
942 _cDIS
_h374, RAV/DI
999 _c1391981
_d1391981